Código Procesal Penal: edición oficial. Aprobada por Decreto Nº 3 de 4 de enero de 2008, del Ministerio de Justicia
محفوظ في:
| التنسيق: | كتاب |
|---|---|
| اللغة: | الإسبانية |
| منشور في: |
Santiago
Jurídica de Chile
2008
|
| الطبعة: | 5a. ed |
| الموضوعات: | |
| الوسوم: |
إضافة وسم
لا توجد وسوم, كن أول من يضع وسما على هذه التسجيلة!
|
MARC
| LEADER | 00000cam a2200000 a 4500 | ||
|---|---|---|---|
| 001 | UCB0019 | ||
| 003 | CL-VaPUC | ||
| 005 | 20210511001428.0 | ||
| 008 | 191206e20080000cl spa d | ||
| 020 | |a 9789561018785 | ||
| 082 | 0 | 4 | |a 345.8305 |b COD |2 21 |
| 245 | 1 | 0 | |a Código Procesal Penal: edición oficial. Aprobada por Decreto Nº 3 de 4 de enero de 2008, del Ministerio de Justicia |
| 250 | |a 5a. ed | ||
| 260 | |a Santiago |b Jurídica de Chile |c 2008 | ||
| 300 | |a 141 p | ||
| 500 | |a Edición actualizada al 15 de enero de 2008. Incluye anexo con modoficaciones de 14 de marzo de 2008 | ||
| 583 | |a last modification |c 20191206 10:52:00 |k Rodrigo Vera | ||
| 650 | 0 | 7 | |a CODIGO DE PROCEDIMIENTO PENAL |2 CL-VaPUC |9 256474 |
| 650 | 0 | 0 | |a Derecho procesal penal |9 255496 |
| 650 | 0 | 0 | |a Jurisprudencia |9 255952 |
| 942 | |c BK | ||
| 945 | |a dcastane |d 20191206 10:52:00 | ||
| 999 | |c 376271 |d 376269 | ||
| 952 | |0 0 |1 0 |2 ddc |3 erb |4 0 |6 345_830500000000000_COD_2008 |7 0 |8 FOND_LRYV |9 495632 |a BIBDER |b BIBDER |e Mateluna Arestizabal, Alfredo Sergio |i 5611040 |o 345.8305 COD 2008 |p 5611040 |r 2023-01-25 |w 2020-01-06 |y BK_X |z Catalogado en:20191206 |k DER | ||